00750nam a2200217Ia 4500003000900000008004100009020001800050040001600068080001900084100002800103245009600131260004700227300001700274650004100291650003600332650001500368700002500383942000700408999001500415952010200430IN-BaIIA211028s9999 xx 000 0 eng d a0-226-97956-3 cIIA Library a524.834bZEL-1 aZeldovich, Ya. B.96800 0aRelativistic astrophysicsbvol. 1, stars and relativitycYa. B. Zeldovich and I.D. Novikov. aChicagobUniversity of Chicago Pressc1971 axviii, 522p. aAstronomy and astrophysics thesaurus aRelativistic astrophysics96801 aRelativity aNovikov, I. D.96803 cBK c6280d6280 00104070aBANbBANcGENd1979-07-30l0o524.834/ ZEL-1p6997r2021-11-05w1979-07-30yBK 16.00